| 000 | 00674cam a2200229 a 4500 | ||
|---|---|---|---|
| 001 | 000018732 | ||
| 005 | 20200929165841.0 | ||
| 008 | 801001s1970 ve 000 0 spa d | ||
| 040 |
_aDO-SdBNP _bspa _cLC _dBNPHU |
||
| 050 | 0 | 0 |
_aJC491 _b.B363 |
| 082 |
_ann* _bB453t |
||
| 100 | 1 |
_aBeltran Guerrero, Luis, _d1914- _939097 |
|
| 245 | 1 | 3 |
_aEl tema de la revolución : _bensayos / _cLuis Beltran Guerrero. |
| 260 |
_aCaracas : _bMonte Avila Editores, _c1970. |
||
| 300 |
_a202 p. ; _c19 cm. |
||
| 490 | 1 | _aDonaire | |
| 650 | 0 |
_aRevolutions. _935615 |
|
| 650 | 0 |
_aPolitical science. _94132 |
|
| 830 | 0 |
_aDonaire _98050 |
|
| 910 | _aCatalogación derivada / LC | ||
| 049 | _aBNGR | ||
| 999 |
_c18252 _d18252 |
||